[Event "ch-USA 2021"]
[Site "Saint Louis USA"]
[Date "2021.10.06"]
[Round "1.1"]
[White "Sevian, Samuel"]
[Black "Shankland, Sam"]
[Result "1/2-1/2"]
[WhiteTitle "GM"]
[BlackTitle "GM"]
[WhiteElo "2654"]
[BlackElo "2714"]
[WhiteFideId "2040506"]
[BlackFideId "2004887"]
[EventDate "2021.10.06"]

1. e4 e5 2. Nf3 Nc6 3. Bb5 Nf6 4. O-O Nxe4 5. d4 Nd6 6. Bxc6 dxc6 7. dxe5 Nf5 8.
Qxd8+ Kxd8 9. h3 Be7 10. Nc3 Nh4 11. Nxh4 Bxh4 12. g4 h5 13. f3 f6 14. exf6 gxf6
15. Be3 Ke7 16. Bf2 hxg4 17. hxg4 Be6 18. Rae1 Kf7 19. Bxh4 Rxh4 20. Kg2 Rg8 21.
Rh1 Rxh1 22. Rxh1 Bf5 23. Rd1 Be6 24. Rh1 Bf5 25. Rd1 Be6 26. Rh1 Bf5 27. Rd1
Be6 28. Rh1 Bf5 29. Rd1 Be6 30. Rh1 Bf5 1/2-1/2

[Event "ch-USA 2021"]
[Site "Saint Louis USA"]
[Date "2021.10.06"]
[Round "1.2"]
[White "Robson, Ray"]
[Black "Naroditsky, Daniel"]
[Result "1-0"]
[WhiteTitle "GM"]
[BlackTitle "GM"]
[WhiteElo "2669"]
[BlackElo "2623"]
[WhiteFideId "2023970"]
[BlackFideId "2026961"]
[EventDate "2021.10.06"]

1. e4 Nf6 2. e5 Nd5 3. d4 d6 4. c4 Nb6 5. f4 dxe5 6. fxe5 Nc6 7. Be3 Bf5 8. Nc3
e6 9. Nf3 Be7 10. Be2 O-O 11. O-O f6 12. exf6 Bxf6 13. Qd2 Qe7 14. Rad1 Rad8 15.
Kh1 h6 16. h3 Rd7 17. Qc1 Re8 18. Rd2 Qd8 19. Rfd1 Kh8 20. b3 Bh7 21. Bg1 Nc8
22. d5 exd5 23. Nxd5 Be4 24. Nxf6 Rxd2 25. Nxd2 Bxg2+ 26. Kxg2 Rxe2+ 27. Kf1
Rxd2 28. Rxd2 Qxf6+ 29. Rf2 Qd8 30. Qd2 Qe8 31. Qf4 Kg8 32. Qxc7 Qe6 33. Qg3 Nd6
34. Qg4 Qe7 35. Bh2 Nf7 36. Qc8+ Kh7 37. Qc7 Qe4 38. Qxf7 Qh1+ 39. Ke2 Qe4+ 40.
Kf1 Qh1+ 41. Ke2 Qe4+ 42. Kd2 Nd4 43. Qf4 Qc2+ 44. Ke3 Qc3+ 45. Ke4 Ne6 46. Qf5+
Kh8 47. Be5 Ng5+ 48. Qxg5 1-0

[Event "ch-USA 2021"]
[Site "Saint Louis USA"]
[Date "2021.10.06"]
[Round "1.3"]
[White "Xiong, Jeffery"]
[Black "So, Wesley"]
[Result "1/2-1/2"]
[WhiteTitle "GM"]
[BlackTitle "GM"]
[WhiteElo "2700"]
[BlackElo "2778"]
[WhiteFideId "2047640"]
[BlackFideId "5202213"]
[EventDate "2021.10.06"]

1. d4 Nf6 2. c4 e6 3. Nc3 Bb4 4. Qc2 O-O 5. e4 d5 6. e5 Ne4 7. Bd3 c5 8. Nf3
cxd4 9. Nxd4 Nd7 10. Bf4 Qh4 11. g3 Qh5 12. O-O g5 13. cxd5 Bxc3 14. bxc3 exd5
15. Be3 Nxe5 16. f3 Nc5 17. Bf5 Ne6 18. Rae1 Nxd4 19. Bxd4 Nc6 20. f4 gxf4 21.
Rxf4 Bxf5 22. Rxf5 Nxd4 23. cxd4 Qh6 24. Qc7 Rac8 25. Qe5 f6 26. Qxd5+ Kh8 27.
Rf2 Rc1 28. Qe6 Rd8 29. d5 Rxd5 30. Kg2 Rxe1 31. Qc8+ Kg7 32. Qxb7+ Kg6 33. Qxd5
Re7 34. Rf4 Qg5 35. Qg8+ Rg7 36. Qe8+ Rf7 37. h4 Qd5+ 38. Kh2 Qd2+ 39. Kh3 Qd7+
40. Rg4+ Kh5 41. Qxd7 Rxd7 42. Ra4 Kg6 43. Kg4 h5+ 44. Kf4 Re7 45. Ra5 Rc7 46.
Ra4 Re7 47. Ra5 Rc7 48. Ra4 Re7 1/2-1/2

[Event "ch-USA 2021"]
[Site "Saint Louis USA"]
[Date "2021.10.06"]
[Round "1.4"]
[White "Swiercz, Dariusz"]
[Black "Burke, John M"]
[Result "0-1"]
[WhiteTitle "GM"]
[BlackTitle "GM"]
[WhiteElo "2647"]
[BlackElo "2554"]
[WhiteFideId "1126881"]
[BlackFideId "2070901"]
[EventDate "2021.10.06"]

1. e4 e5 2. Nf3 Nc6 3. Bb5 a6 4. Ba4 Nf6 5. d3 b5 6. Bb3 Bc5 7. c3 d6 8. Bg5 h6
9. Bh4 g5 10. Bg3 Ba7 11. Nbd2 Ne7 12. d4 exd4 13. cxd4 g4 14. e5 Nh5 15. Nh4
Nxg3 16. hxg3 d5 17. Nf1 Be6 18. Ne3 Qd7 19. Qd3 O-O-O 20. a4 Kb7 21. Bc2 c6 22.
O-O Rhf8 23. Rfe1 f6 24. exf6 Rxf6 25. axb5 cxb5 26. Qa3 Qd6 27. Nxg4 Qxa3 28.
Rxa3 Bxg4 29. Rxe7+ Rd7 30. Rxd7+ Bxd7 31. Rd3 Re6 32. Kf1 b4 33. Rd1 a5 34. Nf5
Bb5+ 35. Bd3 Bxd3+ 36. Rxd3 a4 37. Rd1 Kc6 38. g4 Kb5 39. Ne3 Re4 40. Rc1 Bxd4
41. Nxd5 Bxb2 42. Nc7+ Ka5 43. Rc6 b3 44. Rxh6 a3 45. Ra6+ Kb4 46. f3 Re5 47. f4
Ra5 0-1

[Event "ch-USA 2021"]
[Site "Saint Louis USA"]
[Date "2021.10.06"]
[Round "1.5"]
[White "Lenderman, Aleksandr"]
[Black "Dominguez Perez, Leinier"]
[Result "1/2-1/2"]
[WhiteTitle "GM"]
[BlackTitle "GM"]
[WhiteElo "2607"]
[BlackElo "2760"]
[WhiteFideId "2021285"]
[BlackFideId "3503240"]
[EventDate "2021.10.06"]

1. d4 Nf6 2. c4 e6 3. Nf3 d5 4. Nc3 Be7 5. Bf4 O-O 6. e3 b6 7. Bd3 dxc4 8. Bxc4
Ba6 9. Bxa6 Nxa6 10. Qe2 Qc8 11. O-O c5 12. e4 Rd8 13. d5 exd5 14. exd5 Qb7 15.
Rad1 h6 16. Be5 Ng4 17. Bg3 Nf6 18. d6 Bf8 19. Qc4 Nb4 20. Rfe1 Qa6 21. Qxa6
Nxa6 22. a3 Nb8 23. Ne5 a6 24. Bh4 g5 25. Bg3 Nbd7 26. Nc6 Re8 27. Ne7+ Kh7 28.
f4 gxf4 29. Bxf4 b5 30. Ncd5 Nxd5 31. Rxd5 c4 32. Re3 Rad8 33. Rf5 f6 34. Rg3
Bxe7 35. dxe7 Rxe7 36. Rh5 Rg7 37. Rxg7+ Kxg7 38. Rd5 Kf7 39. Bc7 Ke6 40. Rd6+
Ke7 41. Rxa6 Rc8 42. Ba5 Kf7 43. Bc3 Rc5 44. Rd6 Ke7 45. Rd4 Ke6 46. h3 h5 47.
Kh2 Ne5 48. Rd8 Nd7 49. Rh8 Rf5 50. Rc8 Rc5 51. Ra8 Rd5 52. a4 bxa4 53. Rxa4 Rc5
54. Ra6+ Kf5 55. Rd6 Ne5 56. Kg3 Rc8 57. Kh2 Rb8 58. Rd4 Rc8 59. Rh4 Kg5 60. Rd4
Kf5 61. Rh4 Kg5 62. Rd4 Kf5 1/2-1/2

[Event "ch-USA 2021"]
[Site "Saint Louis USA"]
[Date "2021.10.06"]
[Round "1.6"]
[White "Caruana, Fabiano"]
[Black "Bruzon Batista, Lazaro"]
[Result "1/2-1/2"]
[WhiteTitle "GM"]
[BlackTitle "GM"]
[WhiteElo "2800"]
[BlackElo "2645"]
[WhiteFideId "2020009"]
[BlackFideId "3503739"]
[EventDate "2021.10.06"]

1. e4 e5 2. Nf3 Nc6 3. Bb5 Nf6 4. d3 Bc5 5. Bg5 h6 6. Bh4 Be7 7. Nc3 d6 8. d4
Bd7 9. Bg3 exd4 10. Nxd4 O-O 11. Nb3 a6 12. Be2 Re8 13. Qd2 b5 14. f3 b4 15. Nd5
Nxd5 16. exd5 Bg5 17. f4 Bg4 18. Nc1 Bf6 19. O-O Bxe2 20. Nxe2 Ne7 21. c4 bxc3
22. Nxc3 Bxc3 23. bxc3 Qd7 24. c4 Nf5 25. Bf2 Re4 26. Rae1 Rae8 27. g3 Rxc4 28.
Qd3 Rxe1 29. Rxe1 Ra4 30. Rb1 f6 31. a3 Ne7 32. Rb8+ Kf7 33. Rb7 Ra5 34. Qc3
Rxd5 35. Rxc7 Rd1+ 36. Kg2 Qb5 37. Qc4+ Qxc4 38. Rxc4 a5 39. Ra4 Rd5 40. Bb6 Nc6
41. Rc4 Ne7 42. Ra4 Nc6 43. Rc4 Ne7 44. Ra4 Nc6 1/2-1/2

[Event "ch-USA 2021"]
[Site "Saint Louis USA"]
[Date "2021.10.07"]
[Round "2.1"]
[White "Dominguez Perez, Leinier"]
[Black "Caruana, Fabiano"]
[Result "1/2-1/2"]
[WhiteTitle "GM"]
[BlackTitle "GM"]
[WhiteElo "2760"]
[BlackElo "2800"]
[WhiteFideId "3503240"]
[BlackFideId "2020009"]
[EventDate "2021.10.06"]

1. e4 e5 2. Nf3 Nc6 3. Bb5 a6 4. Ba4 Nf6 5. O-O Nxe4 6. d4 b5 7. Bb3 d5 8. dxe5
Be6 9. c3 Bc5 10. Nbd2 O-O 11. Bc2 Bf5 12. Nb3 Bg6 13. Nfd4 Bxd4 14. Nxd4 Nxd4
15. cxd4 c5 16. f3 cxd4 17. Qxd4 Rc8 18. Bb3 Nc5 19. Be3 Bd3 20. Rfd1 Nxb3 21.
axb3 Bc2 22. Rdc1 Bxb3 23. Rxa6 Rxc1+ 24. Bxc1 Qc8 25. Ra1 Qc4 26. Be3 Bc2 27.
e6 f6 28. Qa7 Bg6 29. Rc1 Qe2 30. h3 d4 31. Qxd4 Re8 32. Rc6 Qd3 33. Qa7 Kh8 34.
Kh1 Bh5 35. Qc5 Bg6 36. Rc8 h6 37. Rxe8+ Bxe8 38. Bxh6 Kh7 39. Be3 Qb1+ 40. Bc1
Qa2 41. Qe3 Qd5 42. Bd2 Kg6 43. Bc3 Bc6 44. Bd4 Kh7 45. Kg1 Qc4 46. Kh2 Qd5 47.
Kg1 Qc4 48. h4 Bd5 49. e7 Bc6 50. h5 Be8 51. h6 Qc6 52. hxg7 Kxg7 53. b4 Qd5 54.
Kf2 Kf7 55. Bc5 Kg6 56. Qf4 Qa2+ 57. Kg3 Qe6 58. Qd2 Qe5+ 59. Kf2 Kg7 60. Bd6
Qe6 61. Qf4 Kg6 62. g4 Qa2+ 63. Kg3 Qe2 64. Qc1 Kf7 65. Qh1 Kg7 66. Qc1 Kf7 67.
Qc3 Qd1 68. Bc5 Qe2 69. Qb3+ Kg7 70. Qd5 Qe1+ 71. Kg2 Qe2+ 72. Kh3 Qf1+ 73. Kh2
Qe2+ 74. Kg3 Qe1+ 75. Bf2 Qxe7 76. Qd2 Qe5+ 77. Kg2 Bc6 78. Bd4 Qe6 79. Kf2 Qd6
80. Qg5+ Kf7 81. Qh5+ Kg7 82. Be3 Qd3 83. Bh6+ Kg8 84. Be3 Qc2+ 85. Kg3 Qd3 86.
Qh6 Kf7 87. Qf4 Qd1 88. Qc7+ Qd7 89. Qf4 Qd1 90. Bf2 Kg6 91. Qf5+ Kg7 92. Qf4
Kg6 93. Qf5+ Kg7 94. Kg2 Qd5 95. Qf4 Qe5 96. Qd2 Qe6 97. Qd4 Qd5 98. Qc3 Qe6 99.
Kf1 Qd5 100. Ke2 Qa2+ 101. Kf1 Qd5 102. g5 Qxf3 103. gxf6+ Qxf6 104. Qxf6+ Kxf6
105. Ke1 Kf7 106. Kf1 Kf6 107. Ke1 Kf7 108. Kf1 1/2-1/2

[Event "ch-USA 2021"]
[Site "Saint Louis USA"]
[Date "2021.10.07"]
[Round "2.2"]
[White "Burke, John M"]
[Black "Lenderman, Aleksandr"]
[Result "1/2-1/2"]
[WhiteTitle "GM"]
[BlackTitle "GM"]
[WhiteElo "2554"]
[BlackElo "2607"]
[WhiteFideId "2070901"]
[BlackFideId "2021285"]
[EventDate "2021.10.06"]

1. e4 c5 2. Nf3 Nc6 3. d4 cxd4 4. Nxd4 Nf6 5. Nc3 e5 6. Ndb5 d6 7. Nd5 Nxd5 8.
exd5 Nb8 9. a4 Be7 10. Be2 O-O 11. O-O Nd7 12. Bd2 a6 13. Na3 a5 14. Kh1 Nb6 15.
Be1 f5 16. Nb5 Bd7 17. b4 axb4 18. a5 Bxb5 19. Bxb5 Nd7 20. Bxb4 Qc7 21. Ra3 Nc5
22. Rc3 Kh8 23. Qh5 g6 24. Qe2 e4 25. f3 Bf6 26. Rc4 exf3 27. Qxf3 Qe7 28. Bxc5
dxc5 29. Qa3 Rfd8 30. a6 Rxd5 31. Qf3 Qd6 32. Ra4 Bd8 33. axb7 Rxa4 34. Bxa4 Bc7
35. g3 Kg7 36. Re1 Rd4 37. Bc6 h5 38. Be8 h4 39. Qc6 Rd1 40. Rxd1 Qxd1+ 41. Kg2
Qe2+ 42. Kg1 Qe1+ 43. Kg2 Qe2+ 44. Kg1 Qe1+ 45. Kg2 Qe2+ 46. Kg1 1/2-1/2

[Event "ch-USA 2021"]
[Site "Saint Louis USA"]
[Date "2021.10.07"]
[Round "2.3"]
[White "So, Wesley"]
[Black "Swiercz, Dariusz"]
[Result "1-0"]
[WhiteTitle "GM"]
[BlackTitle "GM"]
[WhiteElo "2778"]
[BlackElo "2647"]
[WhiteFideId "5202213"]
[BlackFideId "1126881"]
[EventDate "2021.10.06"]

1. e4 c5 2. Nf3 d6 3. Bb5+ Bd7 4. Bxd7+ Qxd7 5. c4 Nf6 6. Nc3 Nc6 7. d4 Qg4 8.
d5 Nd4 9. Nxd4 Qxd1+ 10. Nxd1 cxd4 11. f3 Rc8 12. b3 e5 13. g4 Be7 14. Ke2 h5
15. g5 Nd7 16. Bd2 O-O 17. Nf2 a6 18. Nd3 f5 19. gxf6 gxf6 20. Rhg1+ Kh7 21. Rg3
h4 22. Rg4 f5 23. exf5 Rxf5 24. Rag1 Re8 25. Nf2 Nf6 26. Rg7+ Kh8 27. Rf7 Rh5
28. Rg6 Ng8 29. Ne4 Rd8 30. Bg5 Rh7 31. Rxe7 Rxe7 32. Bxh4 1-0

[Event "ch-USA 2021"]
[Site "Saint Louis USA"]
[Date "2021.10.07"]
[Round "2.4"]
[White "Naroditsky, Daniel"]
[Black "Xiong, Jeffery"]
[Result "1-0"]
[WhiteTitle "GM"]
[BlackTitle "GM"]
[WhiteElo "2623"]
[BlackElo "2700"]
[WhiteFideId "2026961"]
[BlackFideId "2047640"]
[EventDate "2021.10.06"]

1. d4 Nf6 2. Nf3 d5 3. e3 c5 4. Nbd2 e6 5. b3 b6 6. Bb2 Bd6 7. Bd3 cxd4 8. exd4
Ba6 9. c4 O-O 10. O-O Nbd7 11. Ne5 Rc8 12. f4 Bb7 13. Qe2 Rc7 14. Rae1 Qa8 15.
f5 exf5 16. Rxf5 Re8 17. Ref1 Re6 18. cxd5 Bxd5 19. Ndc4 Nxe5 20. dxe5 Bc5+ 21.
Kh1 Ne4 22. R5f4 f5 23. b4 Bxb4 24. Ne3 g6 25. a3 Be7 26. Nxd5 Qxd5 27. Qf3 Nc3
28. Bc4 Rxc4 29. Qxd5 Nxd5 30. Rxc4 b5 31. Rc8+ Kf7 32. Rf3 Nb6 33. Rc7 Nc4 34.
Bc3 Nxe5 35. Rh3 h5 36. Rxa7 f4 37. Rb7 Rc6 38. Rxb5 Bf6 39. Rb1 Ng4 40. Be1 Rc2
41. Rf3 g5 42. h3 Ne5 43. Rf2 Rc4 44. Ra2 f3 45. a4 Re4 46. Bg3 fxg2+ 47. Kxg2
Nd3 48. a5 h4 49. a6 hxg3 50. a7 Nf4+ 51. Kxg3 Re3+ 52. Kg4 1-0

[Event "ch-USA 2021"]
[Site "Saint Louis USA"]
[Date "2021.10.07"]
[Round "2.5"]
[White "Sevian, Samuel"]
[Black "Robson, Ray"]
[Result "1/2-1/2"]
[WhiteTitle "GM"]
[BlackTitle "GM"]
[WhiteElo "2654"]
[BlackElo "2669"]
[WhiteFideId "2040506"]
[BlackFideId "2023970"]
[EventDate "2021.10.06"]

1. d4 Nf6 2. c4 e6 3. Nf3 d5 4. Nc3 Bb4 5. cxd5 exd5 6. Bf4 Ne4 7. Rc1 Nc6 8.
Nd2 g5 9. Be3 Nxc3 10. bxc3 Bd6 11. h4 Bf4 12. Bxf4 gxf4 13. e3 fxe3 14. fxe3
Qe7 15. Qf3 Bd7 16. Kf2 O-O-O 17. Qxd5 Rhg8 18. Qe4 Be6 19. Be2 f5 20. Qf4 Qg7
21. Rh2 Ne7 22. Kg1 Nd5 23. Qf2 Qh6 24. Nf3 Nxe3 25. Ng5 Ng4 26. Bxg4 fxg4 27.
Re1 Bd7 28. g3 Rgf8 29. Qd2 Qd6 30. Ne4 Qg6 31. Rf2 Bc6 32. Rxf8 Rxf8 33. d5 Bb5
34. Qd4 Qb6 35. Nc5 Bd7 36. Rf1 Re8 37. Rf6 Qb1+ 38. Rf1 Qb6 39. Rf6 Qb1+ 40.
Rf1 Qb6 1/2-1/2

[Event "ch-USA 2021"]
[Site "Saint Louis USA"]
[Date "2021.10.07"]
[Round "2.6"]
[White "Shankland, Sam"]
[Black "Bruzon Batista, Lazaro"]
[Result "1/2-1/2"]
[WhiteTitle "GM"]
[BlackTitle "GM"]
[WhiteElo "2714"]
[BlackElo "2645"]
[WhiteFideId "2004887"]
[BlackFideId "3503739"]
[EventDate "2021.10.06"]

1. e4 e5 2. Nf3 Nc6 3. Bb5 a6 4. Ba4 Nf6 5. O-O Nxe4 6. d4 b5 7. Bb3 d5 8. dxe5
Be6 9. Nbd2 Nc5 10. c3 d4 11. Bxe6 Nxe6 12. cxd4 Ncxd4 13. a4 Bb4 14. axb5 Nxf3+
15. Nxf3 axb5 16. Rxa8 Qxa8 17. Ng5 Be7 18. Nxe6 fxe6 19. Qg4 Kf7 20. Qf4+ Ke8
21. Rd1 Rf8 22. Qg4 Qa4 23. Qxa4 bxa4 24. Kf1 Bc5 25. f4 g5 26. Ke2 gxf4 27. Kf3
Be3 28. g4 Ke7 29. Bxe3 fxe3+ 30. Kxe3 Rb8 31. Rd2 h6 32. h4 Rb3+ 33. Ke4 c5 34.
h5 Rb4+ 35. Kf3 Rb3+ 36. Kf4 Rb4+ 37. Kf3 Rb3+ 38. Kf4 Rb4+ 39. Kf3 Rb3+ 1/2-1/2

[Event "ch-USA 2021"]
[Site "Saint Louis USA"]
[Date "2021.10.08"]
[Round "3.1"]
[White "Swiercz, Dariusz"]
[Black "Naroditsky, Daniel"]
[Result "1-0"]
[WhiteTitle "GM"]
[BlackTitle "GM"]
[WhiteElo "2647"]
[BlackElo "2623"]
[WhiteFideId "1126881"]
[BlackFideId "2026961"]
[EventDate "2021.10.06"]

1. e4 c5 2. Nf3 d6 3. d4 cxd4 4. Nxd4 Nf6 5. Nc3 g6 6. Be3 Bg7 7. f3 Nc6 8. Qd2
O-O 9. O-O-O d5 10. exd5 Nxd5 11. Nxc6 bxc6 12. Bd4 e5 13. Bc5 Re8 14. Ne4 Qc7
15. h4 f5 16. Nd6 Rd8 17. Nxc8 Raxc8 18. h5 Nb6 19. Bxb6 Rxd2 20. Bc4+ Kf8 21.
Bxc7 Rxd1+ 22. Rxd1 Rxc7 23. hxg6 Bh6+ 24. Kb1 hxg6 25. Rd6 Kg7 26. b4 Bf4 27.
Re6 Rb7 28. a3 a5 29. Kb2 axb4 30. a4 Ra7 31. Kb3 c5 32. Bb5 Kf7 33. Bc4 Kg7 34.
Bd3 Bg3 35. Rc6 Ra5 36. Bb5 Ra7 37. Rxc5 e4 38. fxe4 fxe4 39. Rc6 Rc7 40. Kxb4
Rxc6 41. Bxc6 e3 42. Bf3 Kf6 43. a5 Ke7 44. Kc5 Kd7 45. a6 Kc7 46. Kd5 Kb6 47.
Be2 Bh4 48. Ke6 Bd8 49. Kf7 g5 50. Kg6 Ka7 51. Kf5 Be7 52. Ke4 Bc5 53. Kd5 Bb6
54. c4 Kb8 55. c5 Ba7 56. Kd6 Kc8 57. Bg4+ Kd8 58. c6 Bb8+ 59. c7+ 1-0

[Event "ch-USA 2021"]
[Site "Saint Louis USA"]
[Date "2021.10.08"]
[Round "3.2"]
[White "Lenderman, Aleksandr"]
[Black "So, Wesley"]
[Result "1/2-1/2"]
[WhiteTitle "GM"]
[BlackTitle "GM"]
[WhiteElo "2607"]
[BlackElo "2778"]
[WhiteFideId "2021285"]
[BlackFideId "5202213"]
[EventDate "2021.10.06"]

1. d4 Nf6 2. c4 e6 3. Nf3 d5 4. Nc3 c5 5. cxd5 cxd4 6. Qxd4 exd5 7. e4 dxe4 8.
Qxd8+ Kxd8 9. Ng5 Be6 10. Nxe6+ fxe6 11. Bg5 h6 12. O-O-O+ Ke7 13. Bxf6+ gxf6
14. Nxe4 Bg7 15. Kb1 f5 16. Ng3 Nc6 17. Bc4 Rhd8 18. Rhe1 Rxd1+ 19. Rxd1 Rd8 20.
Rxd8 Nxd8 21. Ne2 Nc6 22. Nf4 Nd4 23. Kc1 Kd6 24. h3 b5 25. Bd3 a6 26. g4 Bf6
27. Ne2 Nxe2+ 28. Bxe2 Bd4 29. gxf5 exf5 30. f3 Ke5 31. Bd3 Kf4 32. b3 Be3+ 33.
Kd1 Bd4 34. Ke2 Bc5 35. a4 bxa4 36. bxa4 a5 37. Bc2 Bb6 38. Bd3 Ba7 39. Bc2 Bb6
40. Bd3 Bc5 41. Bc2 1/2-1/2

[Event "ch-USA 2021"]
[Site "Saint Louis USA"]
[Date "2021.10.08"]
[Round "3.3"]
[White "Caruana, Fabiano"]
[Black "Burke, John M"]
[Result "1-0"]
[WhiteTitle "GM"]
[BlackTitle "GM"]
[WhiteElo "2800"]
[BlackElo "2554"]
[WhiteFideId "2020009"]
[BlackFideId "2070901"]
[EventDate "2021.10.06"]

1. e4 e5 2. Nf3 Nc6 3. Bb5 a6 4. Ba4 Nf6 5. d3 b5 6. Bb3 Bc5 7. c3 d6 8. Bg5 h6
9. Bh4 Ba7 10. O-O Na5 11. Bc2 g5 12. Bg3 Nh5 13. a4 Nxg3 14. hxg3 Nc6 15. axb5
axb5 16. Na3 Ba6 17. Bb3 Ne7 18. d4 exd4 19. Nxd4 b4 20. Nc4 Bxc4 21. Bxc4 O-O
22. cxb4 d5 23. exd5 Qd6 24. Nb5 Qxb4 25. b3 Qc5 26. Qf3 Kg7 27. Ra6 f6 28. Rfa1
Nc8 29. Kh2 1-0

[Event "ch-USA 2021"]
[Site "Saint Louis USA"]
[Date "2021.10.08"]
[Round "3.4"]
[White "Bruzon Batista, Lazaro"]
[Black "Dominguez Perez, Leinier"]
[Result "1/2-1/2"]
[WhiteTitle "GM"]
[BlackTitle "GM"]
[WhiteElo "2645"]
[BlackElo "2760"]
[WhiteFideId "3503739"]
[BlackFideId "3503240"]
[EventDate "2021.10.06"]

1. e4 e5 2. Nf3 Nc6 3. Bc4 Bc5 4. c3 Nf6 5. d4 exd4 6. e5 d5 7. Bb5 Ne4 8. cxd4
Bb6 9. Nc3 O-O 10. Be3 Bg4 11. h3 Bh5 12. Qc2 Ba5 13. O-O Bxf3 14. gxf3 Nxd4 15.
Bxd4 Qg5+ 16. Kh1 Bxc3 17. bxc3 Qf5 18. Rfc1 Qxh3+ 19. Kg1 Ng5 20. Be2 Nxf3+ 21.
Bxf3 Qxf3 22. Re1 Qg4+ 23. Kh2 Qh4+ 24. Kg2 Qg4+ 25. Kh2 Qh4+ 26. Kg2 Qg4+ 27.
Kh2 Qh4+ 1/2-1/2

[Event "ch-USA 2021"]
[Site "Saint Louis USA"]
[Date "2021.10.08"]
[Round "3.5"]
[White "Robson, Ray"]
[Black "Shankland, Sam"]
[Result "1/2-1/2"]
[WhiteTitle "GM"]
[BlackTitle "GM"]
[WhiteElo "2669"]
[BlackElo "2714"]
[WhiteFideId "2023970"]
[BlackFideId "2004887"]
[EventDate "2021.10.06"]

1. e4 c5 2. Nf3 d6 3. Bb5+ Nd7 4. a4 Nf6 5. Nc3 g6 6. a5 a6 7. Be2 Bg7 8. O-O
O-O 9. d3 b5 10. axb6 Bb7 11. Nd2 Nxb6 12. Nb3 Qc7 13. Na5 Bc8 14. Bg5 e5 15.
Qd2 Be6 16. Bf3 Nfd7 17. b3 Rae8 18. Nc4 Nb8 19. h3 Kh8 20. Bg4 f5 21. exf5 gxf5
22. Bh5 Bf7 23. Bxf7 Rxf7 24. f4 Rg8 25. Kh1 h6 26. Bh4 Kh7 27. Rf2 exf4 28. Re1
Bd4 29. Nxb6 Qxb6 30. Nd5 Qb7 31. c4 Bxf2 32. Qxf2 Nc6 33. Nf6+ Rxf6 34. Bxf6
Rg6 35. Ba1 Nd4 36. Bxd4 cxd4 37. Kh2 Rg3 38. Re6 Re3 39. Rxd6 f3 40. Qg3 Qg7
41. Qxg7+ Kxg7 42. gxf3 Rxd3 43. Kg3 Rxb3 44. Rxd4 a5 45. Rd7+ Kf6 46. Rd6+ Kg7
47. Ra6 Rc3 48. Rxa5 Rxc4 49. Rxf5 Kg6 50. Re5 Ra4 51. h4 Rb4 52. Ra5 Rc4 53.
Ra6+ Kh5 54. Rb6 Ra4 55. Re6 Rb4 56. Re4 Rb5 57. Re3 Ra5 58. f4 Kg6 59. Kg4 h5+
60. Kf3 Kf5 61. Rb3 Rc5 62. Re3 Ra5 63. Rb3 Rc5 64. Re3 Ra5 1/2-1/2

[Event "ch-USA 2021"]
[Site "Saint Louis USA"]
[Date "2021.10.08"]
[Round "3.6"]
[White "Xiong, Jeffery"]
[Black "Sevian, Samuel"]
[Result "0-1"]
[WhiteTitle "GM"]
[BlackTitle "GM"]
[WhiteElo "2700"]
[BlackElo "2654"]
[WhiteFideId "2047640"]
[BlackFideId "2040506"]
[EventDate "2021.10.06"]

1. d4 Nf6 2. c4 e6 3. g3 d5 4. Bg2 dxc4 5. Qa4+ Nbd7 6. Qxc4 c5 7. Nf3 a6 8. Qb3
cxd4 9. Nxd4 Nc5 10. Qe3 Nd5 11. Qd2 Be7 12. O-O O-O 13. Rd1 Qb6 14. Nc3 Nf6 15.
Qe3 Rd8 16. h3 Bd7 17. b3 Bf8 18. Bb2 Be8 19. Rac1 Rd7 20. Nb1 Nd5 21. Qf3 Nb4
22. Nc3 Rad8 23. Qe3 Rd6 24. a3 Nc6 25. Nxc6 Rxd1+ 26. Nxd1 Bxc6 27. b4 Bxg2 28.
Kxg2 Na4 29. Qxb6 Nxb6 30. Ne3 Rd7 31. Nc4 Na4 32. Ne5 Rd2 33. Ba1 f6 34. Nd3 e5
35. Kf1 Ra2 36. Bc3 Rxa3 37. Bd2 Bd6 38. b5 axb5 39. Rb1 e4 40. Nf4 Ra2 41. Be1
b4 42. Nd5 Rb2 43. Rd1 b5 44. Rd4 b3 45. Nc3 Nxc3 0-1

[Event "ch-USA 2021"]
[Site "Saint Louis USA"]
[Date "2021.10.09"]
[Round "4.1"]
[White "Burke, John M"]
[Black "Bruzon Batista, Lazaro"]
[Result "1/2-1/2"]
[WhiteTitle "GM"]
[BlackTitle "GM"]
[WhiteElo "2554"]
[BlackElo "2645"]
[WhiteFideId "2070901"]
[BlackFideId "3503739"]
[EventDate "2021.10.06"]

1. e4 e5 2. Nf3 Nc6 3. Bb5 Nf6 4. d3 Bc5 5. c3 O-O 6. O-O d6 7. Nbd2 a6 8. Ba4
Ba7 9. h3 Ne7 10. d4 Ng6 11. Bc2 Re8 12. Re1 Bd7 13. Nf1 c5 14. dxc5 dxc5 15.
Bg5 Be6 16. Ng3 Qxd1 17. Rexd1 Kf8 18. Nf5 c4 19. Rd2 Red8 20. Nd6 Rdb8 21. Rad1
Ne8 22. Nf5 f6 23. Be3 b5 24. h4 Bxe3 25. Nxe3 Nh8 26. Nh2 Nf7 27. Nhf1 Rd8 28.
Nd5 Bxd5 29. Rxd5 Rxd5 30. Rxd5 Nc7 31. Rd7 Ne6 32. Ne3 Ke8 33. Rd1 Rd8 34. Nd5
Nd6 35. a4 Rd7 36. axb5 axb5 37. Ra1 Kf7 38. f3 Nf4 39. Ne3 Nc8 40. Ra5 Rd2 41.
Rxb5 Re2 42. Rb7+ Kg6 43. Nf5 Rxg2+ 44. Kh1 Rxc2 45. Rxg7+ Kh5 46. Rxh7+ Kg6 47.
Rg7+ Kh5 48. Rh7+ Kg6 49. Rg7+ Kh5 50. Rh7+ Kg6 51. Rg7+ Kh5 1/2-1/2

[Event "ch-USA 2021"]
[Site "Saint Louis USA"]
[Date "2021.10.09"]
[Round "4.2"]
[White "Robson, Ray"]
[Black "Xiong, Jeffery"]
[Result "1-0"]
[WhiteTitle "GM"]
[BlackTitle "GM"]
[WhiteElo "2669"]
[BlackElo "2700"]
[WhiteFideId "2023970"]
[BlackFideId "2047640"]
[EventDate "2021.10.06"]

1. e4 c5 2. Nf3 Nc6 3. Bb5 e5 4. O-O Bd6 5. c3 a6 6. Ba4 b5 7. Bc2 Nge7 8. a4 b4
9. Re1 Ng6 10. d4 bxc3 11. dxe5 cxb2 12. Bxb2 Bxe5 13. Nxe5 Ngxe5 14. Bxe5 Nxe5
15. Qd5 Nc6 16. Qxc5 Qe7 17. Qxe7+ Kxe7 18. Nc3 Nb4 19. Nd5+ Nxd5 20. exd5+ Kd8
21. d6 a5 22. Bd3 Rb8 23. Rab1 Rb7 24. Rec1 Rb4 25. Rxb4 axb4 26. a5 Bb7 27. a6
Ba8 28. a7 1-0

[Event "ch-USA 2021"]
[Site "Saint Louis USA"]
[Date "2021.10.09"]
[Round "4.3"]
[White "So, Wesley"]
[Black "Caruana, Fabiano"]
[Result "1/2-1/2"]
[WhiteTitle "GM"]
[BlackTitle "GM"]
[WhiteElo "2778"]
[BlackElo "2800"]
[WhiteFideId "5202213"]
[BlackFideId "2020009"]
[EventDate "2021.10.06"]

1. d4 Nf6 2. c4 e6 3. Nc3 Bb4 4. Qc2 O-O 5. a3 Bxc3+ 6. Qxc3 d6 7. Nf3 Re8 8. b4
a5 9. Bb2 axb4 10. axb4 Rxa1+ 11. Bxa1 b5 12. cxb5 Nbd7 13. e3 Nb6 14. Bd3 Bb7
15. O-O Bxf3 16. gxf3 Nfd5 17. Qb3 Qh4 18. Kg2 e5 19. dxe5 Re6 20. exd6 Qg5+ 21.
Kh1 Qh5 22. Qb2 Qxf3+ 23. Kg1 Qg4+ 24. Kh1 Qf3+ 25. Kg1 Qg4+ 26. Kh1 Qf3+ 1/2-1/2